00577nam a2200241Ia 4500003000900000005001700009008004100026040001300067040001300080041000800093100001500101100001400116245008300130250001300213260001400226260000900240300001100249300001300260300001200273490000600285700001600291710002800307IT-RoPAU20220918175832.0120407s9999 xx 000 0 und d aIT-RoPAU cIT-RoPAU aita aC. Mershon ca cura di aPolitica in Italia - Ed. 1994. I fatti dell’anno (1993) e le interpretazioni aBologna  aIl Mulino c1994 a314 p. bbrossura c21,5 cm v1 aG. Pasquino aIstituto Carlo Cattaneo